000 00303 a2200157 4500
001 186052
020 _a0-19-422801-0
040 _cMagnum
100 _aEscott, John
240 1 0 _aLondon
_lING
245 1 0 _aLondon
300 _a30
362 0 _a2001
697 _aLITERATURA INGLESA
942 _cBK
999 _c186052
_d186052